000 00651nam a22002057a 4500
003 0
005 20250103103056.0
008 250103b xxu||||| |||| 00| 0 eng d
020 _a9781984689245
050 _aQD 75.2
_b.Ob27 2024
100 _aO'Brien, Kaedan
_eauthor.
245 _aCore concepts in chemistry :
_banalytical chemistry /
_cKaedan O'Brien.
250 _a2nd ed.
260 _aNew York, NY :
_b3G E-Learning LLC,
_c2024.
300 _aix, 265 p. :
_bcol. ill. ;
_c26 cm.
504 _aIncludes bibliographical references and index.
650 _aChemistry, analytic.
650 _aChemistry techiques, analytical.
942 _2lcc
_cBK
999 _c366853
_d366853